[Event "Klubbmesterskapet 2012 (A)"]
[Site "Ås, Akershus NOR"]
[Date "2012.01.26"]
[Round "2"]
[White "Lange, David"]
[Black "Kielland-Lund, Jon"]
[Result "1/2-1/2"]
[WhiteElo "1803"]
[BlackElo "1625"]
[PlyCount "51"]

1. d4 d5 2. Nf3 Nf6 3. c4 c6 4. Nc3 dxc4 5. e4 b5 6. Qc2 a6 7. Be3 e6 8. Rd1
Bb7 9. Bg5 Be7 10. e5 Nd5 11. Bxe7 Qxe7 12. Ne4 O-O 13. Nfg5 f5 14. Nd6 Qxg5
15. Nxb7 Nd7 16. h4 Qe7 17. Nd6 N7b6 18. a3 Nc8 19. Nxc8 Raxc8 20. Be2 Qd8 21.
Qd2 Rf7 22. Bf3 Rd7 23. Ke2 Ne7 24. Qe3 Nd5 25. Qd2 Ne7 26. Qe3 1/2-1/2

[Event "Klubbmesterskapet 2012 (A)"]
[Site "Ås, Akershus NOR"]
[Date "2012.04.26"]
[Round "2"]
[White "Olsen, Trygve"]
[Black "Bakken, Svein-Erik"]
[Result "1-0"]
[WhiteElo "1251"]
[BlackElo "1444"]
[PlyCount "107"]
[EventDate "2012.01.19"]

1. e4 c5 2. f4 d5 3. e5 Bf5 4. Nf3 e6 5. Be2 Nc6 6. c3 Nge7 7. O-O d4 8. d3 c4
9. Nh4 cxd3 10. Bxd3 Bxd3 11. Qxd3 Qb6 12. Kh1 Rd8 13. Na3 dxc3 14. Qxc3 Nd5
15. Qg3 g6 16. b3 Bxa3 17. Bxa3 Ncb4 18. Rad1 Nc2 19. Bc1 Nce3 20. Bxe3 Nxe3
21. Rxd8+ Kxd8 22. Re1 Nd5 23. Qg5+ Kd7 24. Qh6 Qf2 25. Rg1 Qxf4 26. Qg7 Re8
27. Qxh7 Qxe5 28. Qxf7+ Re7 29. Qxg6 Rg7 30. Qd3 Ke7 31. Nf3 (31. Ng6+ Rxg6 32.
Qxg6 {vinner kvalitet.}) 31... Qh5 32. Qd4 Rh7 33. Qxa7 Kf6 34. Qd4+ Ke7 35. a4
Nf6 36. Qb4+ Kf7 37. Qxb7+ Kg6 38. Qb8 Ng4 39. Qg3 Kf6 ({
Svart kunne nå avgjort partiet med en vakker kvelermatt:} 39... Qxh2+ $3 40.
Nxh2 (40. Qxh2 Nf2#) 40... Rxh2+ 41. Qxh2 Nf2#) 40. Rf1 Ke7 41. Qc7+ Ke8 42.
Qb8+ Ke7 43. a5 e5 44. h3 e4 45. Qb4+ Kd8 46. Qxe4 Qh6 47. Qxg4 Rg7 48. Rd1+
Ke8 49. Qc8+ Kf7 50. a6 ({Den raskeste mattvarianten var} 50. Rd7+ Kg6 51. Qc2+
Kh5 52. Qf5+ Qg5 53. Nxg5 Rxd7 54. Nf7+ Kh4 55. Qg4#) 50... Qf4 51. Rd7+ Kg6
52. Rxg7+ Kxg7 53. a7 Qc1+ 54. Qxc1 1-0

[Event "Klubbmesterskapet 2012 (A)"]
[Site "Ås, Akershus NOR"]
[Date "2012.03.08"]
[Round "3"]
[White "Bakken, Svein-Erik"]
[Black "Høva, Frode"]
[Result "1-0"]
[WhiteElo "1434"]
[BlackElo "1573"]
[PlyCount "101"]

1. d4 Nf6 2. c4 g6 3. Nc3 d5 4. Bf4 Bg7 5. e3 O-O 6. Nf3 c5 7. cxd5 Nxd5 8. Bg3
Nc6 9. Rc1 cxd4 10. exd4 Qa5 11. Bc4 Nxc3 12. bxc3 Bg4 13. O-O Rac8 14. Bb3 Qb6
15. h3 Bxf3 16. Qxf3 Na5 17. Rb1 Qc6 18. Bd5 Qxc3 19. Bxb7 Qxf3 20. Bxf3 Bxd4
21. Rb5 Bb6 22. Bf4 Rc2 23. Bd5 Rd8 24. Bb3 Nxb3 25. axb3 Rxf2 26. Rxf2 Rd1+
27. Kh2 Bxf2 28. Rb7 Bg1+ 29. Kg3 Rd3+ 30. Kg4 h5+ (30... f6 31. Rb5 (31. Bc1
Bh2 32. Rb5 Rg3+ 33. Kh4 Rxg2 34. Ra5 f5 35. Rxa7 Bg3+ 36. Kg5 Be5+ 37. Kh4 (
37. Kh6 Bg7#) 37... Bf6+ 38. Bg5 Bxg5#) (31. Rxe7 $2 h5+ 32. Kh4 Bf2+ 33. g3
Rd4 34. Rxa7 Rxf4#) (31. Bc7 h6 32. Rb5 a6 33. Rb4 Bf2 34. Kf4 f5 35. Ke5 Kf7
36. Bb6 Bg3+ 37. Rf4 Bxf4+ 38. Kxf4 Kf6) 31... h5+ 32. Kh4 Bf2+ 33. g3 Rd4 34.
Rb4 e5 (34... Rxb4 $4 {er patt !}) 35. Rxd4 exd4 36. b4 Be3) 31. Kg5 Rd5+ (
31... Bd4) 32. Kh6 Rd8 33. Rxe7 Bd4 (33... Bc5) 34. Be3 Bg7+ 35. Kg5 Rd5+ 36.
Kf4 a5 37. Ke4 Rb5 38. Re8+ Kh7 39. Re7 Rf5 40. Ra7 Bc3 41. g4 hxg4 42. hxg4
Rf1 43. Rc7 Bb4 44. Bd4 Re1+ 45. Kf3 Rf1+ 46. Ke4 Bd6 47. Rc8 Kh6 48. Be3+ Kg7
49. g5 Bf8 (49... f5+ 50. gxf6+ Kxf6 51. Rc6 Ke6 $11) 50. Bd4+ Kg8 (50... f6
51. Rc7+ Kg8 52. gxf6) 51. Bc5 1-0

[Event "Klubbmesterskapet 2012 (A)"]
[Site "Ås, Akershus NOR"]
[Date "2012.02.02"]
[Round "3"]
[White "Kielland-Lund, Jon"]
[Black "Olsen, Trygve"]
[Result "1-0"]
[WhiteElo "1625"]
[BlackElo "1278"]
[PlyCount "123"]

1. c4 c5 2. Nf3 Nc6 3. Nc3 e5 4. e3 g6 5. d4 cxd4 6. exd4 Bg7 7. dxe5 Nxe5 8.
Nxe5 Bxe5 9. Qe2 Qe7 10. Nd5 Qe6 11. f4 Bb8 12. Bd2 Ne7 13. Bc3 Qxe2+ 14. Bxe2
Nxd5 15. Bxh8 Ne3 16. Kf2 Bxf4 17. Bd3 Kf8 18. Rhe1 Nf5 19. Bxf5 gxf5 20. g3
Bd6 21. Rad1 Be7 22. Bc3 f6 23. a3 Kf7 24. Bb4 Bd8 25. Re2 a5 26. Bc3 Ra6 27.
b4 axb4 28. Bxb4 Re6 29. Rxe6 Kxe6 30. Re1+ Kf7 31. Kf3 b6 32. Bd6 Ba6 33. c5
bxc5 34. Bxc5 Bb7+ 35. Kf4 Kg6 36. Bd6 Ba5 37. Rd1 Bc6 38. Bb4 Bc7+ 39. Bd6 Bb6
40. h4 h5 41. Rb1 Ba5 42. Rb2 Be4 43. Re2 Kf7 44. Rxe4 fxe4 45. Kxe4 Ke6 46.
Bf4 d5+ 47. Kd4 Bb6+ 48. Kd3 d4 49. a4 f5 50. Kc4 d3 51. Kxd3 Kd5 52. Be3 Ba5
53. Bd2 Bc7 54. Be1 Bb8 55. a5 Ba7 56. Bd2 Bf2 57. Bf4 Kc6 58. Kc4 Be1 59. a6
Bf2 60. Bb8 Bg1 61. a7 Kb7 62. Kd5 1-0

[Event "Klubbmesterskapet 2012 (A)"]
[Site "Ås, Akershus NOR"]
[Date "2012.02.02"]
[Round "3"]
[White "Moberg, Jan Rune"]
[Black "Furnes, Torstein"]
[Result "0-1"]
[WhiteElo "1603"]
[BlackElo "1585"]
[Annotator "Furnes,Torstein"]
[PlyCount "100"]

1. d4 d5 2. c4 e6 3. Nf3 Nf6 4. Nc3 Be7 5. e3 O-O 6. Be2 dxc4 7. Bxc4 c5 8. O-O
b6 9. d5 exd5 10. Nxd5 Be6 11. Nxe7+ Qxe7 12. b3 Bxc4 13. bxc4 Qe4 14. Qe2 Nc6
15. Bb2 Ng4 16. h3 Nge5 17. Ng5 $6 Qxc4 18. Qh5 h6 19. Nf3 (19. Rfc1) 19... Nd3
20. Bf6 {Et interessant løperoffer som gjør svarts kongestilling utrygg. Men
ifølge Fritz har svart kontroll.} (20. Rab1 Qxa2 21. Ba1) 20... gxf6 21. Qxh6
Qe6 22. Nh4 Ne7 23. g4 Qe5 (23... f5 24. Qg5+ Kh7 {er litt bedre.}) 24. f4 $6 (
24. Nf3 Qc3) 24... Qxe3+ 25. Kh2 Qe2+ 26. Kg3 Qe3+ $6 {
En feil som gjør at svart mister mye av fordelen. Fritz vil heller spille} (
26... Qb2) 27. Rf3 Qd4 $6 {Ifølge Fritz en feil som gjør at hele svarts fordel
forsvinner. Fritz vil heller spille} (27... Qd2 28. Rg1 (28. Qxf6 Ne1 29. Rf1
Qd3+ 30. Kf2 Nc2) 28... Nxf4 29. Qxf4 Qxf4+ 30. Rxf4 Nd5) (27... Qe4 28. Rg1
Ne1 29. Rff1 Rad8 30. Rxe1 Rd3+ 31. Kh2 Rd2+ 32. Kg3 Qd3+ 33. Nf3 Ng6) 28. Raf1
{Fritz mener at hvit kunne fått remis med følgende nesten forserte variant:} (
28. Rd1 Rad8 (28... c4 $2 {taper etter} 29. Nf5 Nxf5+ 30. gxf5 Rfd8 31. Kh4
Nxf4 32. Rxd4 Rxd4 33. Rxf4 Rxf4+ 34. Qxf4) 29. Nf5 Nxf5+ 30. gxf5 Rd5 31. Kh4
Rxf5 32. Rdxd3 Qe4 33. Rde3) 28... Rad8 29. Nf5 Nxf5+ 30. gxf5 {En litt spesiel
l stilling har oppstått. I f-linjen er det en isolert svart dobbeltbonde, en
isolert hvit dobbeltbonde og tre tårn. Hvits trussel om å flytte kongen og
sjakke med et tårn i g-linjen ser skummel ut, men ifølge Fritz har svart
kontroll. De neste trekkene er forserte for begge spillerne.} Rfe8 31. Kh4 Nxf4
$1 {Redningstrekket.} 32. Rxf4 (32. Rg3+ $4 Ng6+ 33. Kh5 Qh4#) (32. Rg1+ $4
Ng6+ 33. Kg3 Qxg1#) (32. Qxf4 $4 Re4) 32... Re4 33. Rxe4 {
Fritz vil heller spille} (33. Kh5 Rde8 34. R1f2 Qd1+ 35. Kh4 Rxf4+ 36. Rxf4
Qe1+ 37. Kh5 Re4 38. Qxf6 Rxf4 39. Qg5+ Kf8 40. Qxf4) 33... Qxe4+ 34. Rf4 Qxf4+
$1 {Avvikler til vunnet bondesluttspill.} 35. Qxf4 Rd4 36. Qxd4 cxd4 37. Kg3
Kg7 38. Kf3 d3 39. Ke3 d2 40. Kxd2 Kh6 41. Kc3 Kg5 42. Kb4 a6 43. Kc4 Kxf5 44.
Kd5 Kg5 45. Kc6 f5 46. Kxb6 f4 47. Kxa6 f3 48. a4 f2 49. a5 f1=Q+ 50. Kb7 Qb5+
0-1

[Event "Klubbmesterskapet 2012 (A)"]
[Site "Ås, Akershus NOR"]
[Date "2012.02.09"]
[Round "3"]
[White "Lea, Per"]
[Black "Snellingen, Jørn"]
[Result "0-1"]
[WhiteElo "1669"]
[BlackElo "1828"]
[Annotator "Lea,Per"]
[PlyCount "58"]
[EventDate "2012.01.19"]

1. e4 d5 2. exd5 Qxd5 3. Nc3 Qd6 {Ikke det vanligste, men en motevariant blant
enkelte som liker å gå utenfor allfarvei og opptråkkede teori-stier.} (3... Qa5
{er det vanligste svaret,}) ({men også det tilsynelatende nybegynnertrekket} 
3... Qd8 {kan spilles}) 4. d4 Nf6 5. Nb5 {Jeg vurderte dette også et trekk
tidligere, men i ettertid er jeg ikke overbevist om at det er en fornuftig
plan, rent saklig sett. Å utvikle de øvrige lette offiserene hadde nok vært
mer fornuftig (men langt fra like morsomt!)} Qd8 6. Bf4 Nd5 7. Qf3 c6 (7... a6
$4 8. Qxd5 Qxd5 (8... axb5 9. Bxb5+ Nd7 (9... c6 10. Qxd8+ Kxd8 11. Bd3 $18))
9. Nxc7+ {1-0}) 8. Bc4 {Morsomt og sjanserikt, men når svart finner de beste
forsvarstrekkene går lufta fort ut av ballongen} Nxf4 9. Qxf4 (9. Bxf7+ Kxf7
10. Qxf4+ Kg8 11. Nc7 e5 $1 12. Qxe5 Bd6 13. Qe8+ Qxe8+ 14. Nxe8 Bf4 15. Ne2
Kf7 16. Nxf4 Rxe8+ 17. Kd2 {
for å angripe med springer i stedet for løper holder heller ikke.}) 9... cxb5
10. Qxf7+ Kd7 11. Bxb5+ Nc6 12. O-O-O {Det beste, men ikke godt nok} (12. d5 $4
Qa5+ 13. c3 Qxb5 14. dxc6+ Kxc6 15. O-O-O $19) 12... Kc7 $1 (12... Qe8 13. Qf4
e5 14. dxe5+ Kc7 15. e6+ Kb6 $15) 13. d5 $2 {d-bonden hang, men dette var ikke
måten å fjerne trusselen på, selv om det kunne se naturlig ut. Hvit lider
sterkt under savnet av svartfeltløperen!} Ne5 14. d6+ ({Planen var} 14. Qf4 Qd6
15. Nf3 {menbeklageligvis strander den tilsynelatende offisersgevinsten på det
enkle vinsttrekket} Nd3+) 14... Qxd6 {Selvfølgelig! Enkelt og avgjørende.} 15.
Qe8 $2 {Overser svarts enkle svar:} Qxd1+ 16. Kxd1 Bg4+ 17. f3 Rxe8 18. Bxe8
Bd7 {Resten er simpel teknikk, og selv om svart har litt dårligere tid, er det
aldri fare på ferde} 19. Bxd7 Kxd7 20. Ke2 Ng6 21. Nh3 e6 22. Rd1+ Bd6 23. Ng5
Ke7 24. g3 Rc8 25. c3 b6 26. f4 h6 27. Ne4 Bb8 28. Kf3 Rf8 29. Kg4 Nxf4 $1 {
Oppgitt. Svart får løper og bonde over.} 0-1

[Event "Klubbmesterskapet 2012 (A)"]
[Site "Ås, Akershus NOR"]
[Date "2012.03.04"]
[Round "3"]
[White "Lange, Holger"]
[Black "Lange, David"]
[Result "1/2-1/2"]
[WhiteElo "1660"]
[BlackElo "1803"]
[PlyCount "79"]
[EventDate "2012.01.19"]

1. e4 c5 2. Nf3 d6 3. d4 cxd4 4. Nxd4 Nf6 5. Nc3 a6 6. Bg5 e6 7. Qd2 h6 8. Bxf6
Qxf6 9. O-O-O Nc6 10. Nb3 Qd8 11. f4 Be7 12. Be2 b5 13. Bf3 Bb7 14. Kb1 b4 15.
Ne2 O-O 16. Ned4 Nxd4 17. Nxd4 a5 18. Nb5 Ra6 19. Qf2 Qb6 20. Qxb6 Rxb6 21. Nd4
g5 22. f5 e5 23. Nb3 a4 24. Nd2 Rc8 25. Rhe1 Rbc6 26. Rc1 Bd8 27. Nf1 Ba5 28.
Ne3 b3 29. c3 Rc5 30. Red1 a3 31. Nd5 Bxd5 32. Rxd5 axb2 33. Kxb2 bxa2 34. Rxc5
Rxc5 35. c4 Bd2 36. Rc2 Ra5 37. Ka1 Be3 38. Rxa2 Bd4+ 39. Kb1 Rxa2 40. Kxa2
1/2-1/2

[Event "Klubbmesterskapet 2012 (A)"]
[Site "Ås, Akershus NOR"]
[Date "2012.02.16"]
[Round "4"]
[White "Lange, David"]
[Black "Moberg, Jan Rune"]
[Result "1/2-1/2"]
[WhiteElo "1803"]
[BlackElo "1603"]
[PlyCount "90"]
[EventDate "2012.01.19"]

1. d4 f5 2. g3 e6 3. Bg2 Nf6 4. Nf3 Be7 5. O-O O-O 6. c4 c6 7. Nc3 d5 8. b3 Bd7
9. Bb2 Na6 10. Qd2 Be8 11. Ne5 Nd7 12. Nxd7 Bxd7 13. e3 Nc7 14. Ne2 g5 15. Nc1
Ne8 16. Nd3 Nf6 17. f3 Be8 18. Rae1 Bg6 19. Ne5 Nd7 20. Nxg6 hxg6 21. e4 g4 22.
exd5 exd5 23. cxd5 cxd5 24. fxg4 Bg5 25. Bxd5+ Kg7 26. Qd1 Nf6 27. Bxb7 Rb8 28.
Bg2 Nd5 29. Bxd5 Qxd5 30. Re5 Qd7 31. gxf5 Rxf5 32. Rexf5 gxf5 33. d5+ Kg6 34.
Qd4 Re8 35. Kg2 Re2+ 36. Rf2 Re4 37. Qd3 Re3 38. Qc4 Qf7 39. Qc6+ Kh5 40. h4
Bxh4 41. gxh4 Qg8+ 42. Kf1 Qg4 43. d6 Qd1+ 44. Kg2 Qg4+ 45. Kf1 Qd1+ 1/2-1/2

[Event "Klubbmesterskapet 2012 (A)"]
[Site "Ås, Akershus NOR"]
[Date "2012.02.16"]
[Round "4"]
[White "Høva, Frode"]
[Black "Snellingen, Jørn"]
[Result "0-1"]
[WhiteElo "1573"]
[BlackElo "1828"]
[PlyCount "46"]
[EventDate "2012.01.19"]

1. Nf3 Nf6 2. g3 Nc6 3. Bg2 e5 4. d3 d5 5. O-O Be7 6. Nbd2 O-O 7. e4 dxe4 8.
dxe4 Bg4 9. h3 Bh5 10. g4 Bg6 11. Nh4 Bxe4 12. Nxe4 Nxe4 13. Nf5 Nd6 14. Bxc6
bxc6 15. Nxe7+ Qxe7 16. Qf3 e4 17. Qc3 f5 18. Qxc6 fxg4 19. Qd5+ Kh8 20. Bg5
Qd7 21. Rae1 Rae8 22. Re3 Rf5 23. Rxe4 Rxd5 0-1

[Event "Klubbmesterskapet 2012 (A)"]
[Site "Ås, Akershus NOR"]
[Date "2012.02.16"]
[Round "4"]
[White "Bakken, Svein-Erik"]
[Black "Kielland-Lund, Jon"]
[Result "0-1"]
[WhiteElo "1434"]
[BlackElo "1625"]
[PlyCount "94"]

1. d4 d5 2. c4 c6 3. Nc3 e5 4. cxd5 cxd5 5. e3 e4 6. Nge2 Nf6 7. Qb3 Nc6 8. Nf4
Bb4 9. Bd2 Bxc3 10. Bxc3 O-O 11. Ne2 b6 12. Ng3 Bb7 13. Be2 Rc8 14. O-O Rc7 15.
Rac1 Qd7 16. Qd1 Rfc8 17. Qd2 h6 18. b3 Qe6 19. h3 g6 20. b4 a6 21. a4 Ne7 22.
Bb2 Rxc1 23. Rxc1 Rxc1+ 24. Qxc1 Qc8 25. b5 Qxc1+ 26. Bxc1 a5 27. Ba3 Kf8 28.
Bd6 Ke8 29. Bd1 Kd7 30. Ba3 Nc8 31. Ne2 Nd6 32. Bxd6 Kxd6 33. Bb3 h5 34. Nc3
Ne8 35. Nxe4+ dxe4 36. Bxf7 Nf6 37. Bxg6 Bd5 38. f3 exf3 39. Bc2 fxg2 40. Kf2
Ke6 41. Kg1 Kf7 42. Kh2 Ke6 43. Kg1 h4 44. Kf2 Be4 45. Bb3+ Kd6 46. Kg1 Nh7 47.
d5 Ng5 0-1

[Event "Klubbmesterskapet 2012 (A)"]
[Site "Ås, Akershus NOR"]
[Date "2012.02.16"]
[Round "4"]
[White "Furnes, Torstein"]
[Black "Lea, Per"]
[Result "1/2-1/2"]
[WhiteElo "1585"]
[BlackElo "1669"]
[PlyCount "91"]

1. d4 Nf6 2. c4 g6 3. Nc3 Bg7 4. e4 d6 5. Nf3 O-O 6. Be2 Nbd7 7. O-O e5 8. d5
Nc5 9. Qc2 a5 10. Be3 {Dette trekket er ikke mye spilt i åpningsbiblioteket
til Fritz. Der er hovedvarianten} (10. Bg5 h6 11. Be3 b6 12. Nd2) 10... b6 11.
a3 Ng4 12. Bxc5 bxc5 13. h3 Nh6 14. Nh2 {Fritz anbefaler} (14. b4 axb4 15. axb4
Rxa1 16. Rxa1 cxb4 17. Na2) 14... f5 15. exf5 Nxf5 16. Ne4 {Så langt har vi
fulgt partiet Ernest-Nakagori (Artek 1999) i partidatabasen 365chess.com, men
der fortsetter det istedet med} (16. Bg4 Nd4 17. Qd1 Bf5 18. Bxf5 Rxf5 19. Ne2
Nxe2+ 20. Qxe2 Rb8 21. Rab1 {og hvit vant (51 trekk)}) 16... Nd4 17. Qd3 Bf5
18. Bg4 Bxe4 {Fritz anbefaler} (18... Rb8 19. Ra2 (19. Rab1 $4 Rb3) 19... Rb3
20. Qb1 Bh6) 19. Qxe4 Rf4 20. Qd3 e4 21. Qd1 $6 {
Fritz vil heller spille dronningen til e3 eller d2.} (21. Qe3 Bh6 22. Bd1) (21.
Qd2) 21... Qe7 (21... h5) 22. Rc1 (22. Qd2) 22... e3 23. fxe3 Qxe3+ 24. Kh1
Rxf1+ 25. Qxf1 Rf8 26. Qe1 Qxe1+ 27. Rxe1 Be5 28. Rb1 a4 29. Nf3 $6 {
Hvit burde spilt} (29. Bd7) 29... Nxf3 30. Bxf3 Rf4 31. Be2 Rf2 32. Bg4 Rf4 33.
Be2 Re4 34. Bf1 $6 (34. Bd3 {er bedre.}) 34... Re3 35. g4 Rb3 36. Kg2 Bxb2 37.
Be2 Bxa3 38. Rxb3 axb3 39. Bd1 b2 40. Bc2 Kf7 41. g5 {Hvit får satt opp en
blokade slik at den svarte kongen ikke kommer inn i stillingen} Bb4 42. Kf3 Bc3
43. h4 Bd2 44. Kg4 h6 45. Bb1 h5+ 46. Kg3 1/2-1/2

[Event "Klubbmesterskapet 2012 (A)"]
[Site "Ås, Akershus NOR"]
[Date "2012.02.09"]
[Round "5"]
[White "Moberg, Jan Rune"]
[Black "Olsen, Trygve"]
[Result "0-1"]
[WhiteElo "1603"]
[BlackElo "1278"]
[Annotator "Lea,Per"]
[PlyCount "162"]
[EventDate "2012.01.19"]

1. d4 d5 2. c4 c6 3. Nf3 g6 4. h4 Bg4 5. Ne5 h5 6. Nxg4 hxg4 7. e4 dxe4 8. Qxg4
Qxd4 9. Be3 Qd8 10. Qxe4 Nf6 11. Qc2 Rh5 12. Be2 Re5 13. Nc3 Qc8 14. O-O-O Nbd7
15. g4 Rxe3 16. fxe3 Ne5 17. g5 Nh5 18. Bxh5 gxh5 19. Qe4 Qe6 20. Rd4 Bg7 21.
Qh7 Qg6 22. Qg8+ Bf8 23. Qxg6 Nxg6 24. Rf1 Bg7 25. Re4 Bxc3 26. bxc3 Rd8 27.
Rf5 e6 28. Rf1 Ke7 29. Rh1 c5 30. Kc2 b6 31. a4 a5 32. Rh2 Rd6 33. Rf2 e5 34.
Rf5 Re6 35. Kd2 Ke8 36. Ke2 Ke7 37. Rf1 Rd6 38. Rf5 Re6 39. Kf2 f6 40. Kg3 Kf7
41. Kg2 Ke7 42. gxf6+ Rxf6 43. Rxh5 Ke6 44. Rg4 Ne7 45. Rg7 Nf5 46. Rb7 Nxe3+
47. Kg1 Nxc4 48. Rhh7 e4 49. h5 e3 50. Rhe7+ Kd5 51. Rf7 $2 (51. Rbd7+ Kc6 52.
Rd1 {og hvit beholder initiativet}) 51... e2 52. Rbd7+ Nd6 53. Rxf6 $4 {
Tapstrekket} (53. Rfe7 Rf1+ 54. Kg2 e1=Q 55. c4+ Kxc4 56. Rxe1 Rxe1 57. Rxd6 b5
58. axb5 Kxb5 {og hvit kan fremdeles kjempe.}) 53... e1=Q+ 54. Kg2 Qe2+ 55. Kg3
Qe5+ 56. Rf4 Qxc3+ {Det er fristende å slå en bonde med sjakk, men her hadde
det kanskje vært tryggere å slå hvits fribonde.} (56... Qxh5 57. Rff7 Qe5+ 58.
Kg2 Qxc3 {og svart får med seg c-bonden allikevel, men nå er i tillegg hvits
fribonde borte}) 57. Kg4 Kc6 ({Enda sterkere er} 57... Qe5 58. Rff7 c4 {
og hvit har kjempeproblemer}) 58. Rh7 Qc2 59. Rh6 Qg2+ 60. Kh4 c4 61. Rxc4+ Kd5
62. Rf4 Qh2+ 63. Kg4 Qe2+ 64. Kh4 Ke5 (64... Ne4 65. Rf5+ Kd4 66. Rb5 (66. Rxb6
$4 Qh2+ 67. Kg4 Qg3#) 66... Qh2+ 67. Kg4 Qg3+ 68. Kf5 Qg5+ 69. Ke6 Qxh6+ {
var enda mer overbevisende}) 65. Rhf6 Qe1+ 66. Kg4 Qg1+ 67. Kh4 Qh2+ 68. Kg4
Qg2+ 69. Kh4 Ne4 70. R6f5+ Kd4 71. Rf3 Qh1+ 72. Kg4 Qg1+ 73. Kh4 Qg7 74. Kh3
Ng5+ 75. Kg4 Nxf3+ 76. Kxf3 Kc4 77. Rb5 Qa1 78. Rxb6 Qxa4 79. Rg6 Qd1+ 80. Kg3
Qxh5 81. Rg4+ Qxg4+ {"Det enkleste er det beste". Hvit ga opp siden kongen er
utenfor bondens kvadrat. Trygves andre fjær i hatten etter 4 partier i
klubbmesterskapet.} 0-1

[Event "Klubbmesterskapet 2012 (A)"]
[Site "Ås, Akershus NOR"]
[Date "2012.03.01"]
[Round "5"]
[White "Lea, Per"]
[Black "Lange, David"]
[Result "0-1"]
[WhiteElo "1669"]
[BlackElo "1803"]
[PlyCount "94"]

1. e4 c5 2. Nf3 d6 3. d4 cxd4 4. Nxd4 Nf6 5. Nc3 a6 6. Bg5 e6 7. f4 Be7 8. Qf3
O-O 9. O-O-O Nc6 10. Nxc6 bxc6 11. e5 $2 (11. Bxf6 $1 gxf6 12. Qh5 Kh8 13. Rd3
Rg8 (13... e5 $2 14. f5 Rg8 15. Rg3 Rg7 16. Rxg7 Kxg7 17. Bc4 Qg8 18. Rd1 $18)
14. Qxf7 Qe8 15. Qxe8 Rxe8 $16) 11... Nd5 12. h4 $2 (12. Bxe7 Qxe7 13. Ne4 dxe5
14. fxe5 Rb8 15. Rd2 $14) 12... Bb7 $2 (12... dxe5 $1 13. Bxe7 Qxe7 14. fxe5
Qc7 $11) 13. Ne4 dxe5 14. c4 $4 (14. fxe5 Qc7 15. Bxe7 Nxe7 16. Nd6 $16) 14...
Qc7 $2 (14... f6 15. Qh3 Bc8 16. fxe5 fxg5 17. hxg5 Bxg5+ 18. Kb1 h6 19. cxd5
exd5 $19) 15. cxd5 $2 (15. fxe5 f6 16. exf6 Nxf6 17. Qe3 $14) 15... cxd5+ 16.
Nc3 $2 (16. Qc3 Qxc3+ 17. bxc3 Ba3+ 18. Kd2 dxe4 19. fxe5 $19) 16... d4 17. Qh5
$4 dxc3 18. Bxe7 cxb2+ 19. Kxb2 Rfb8 $1 20. Bb4 Bxg2 21. Qxe5 Qxe5+ 22. fxe5
Bxh1 23. Ka3 Bd5 24. Rc1 Rc8 25. Bc5 f6 26. Kb4 a5+ 27. Ka3 fxe5 28. Be3 Rxc1
29. Bxc1 Kf7 30. Bd2 h6 31. Ka4 Bc6+ 32. Ka3 Kf6 33. Kb2 g5 34. Bh3 Be4 35. Kc1
Bf5 36. Bg2 e4 37. hxg5+ hxg5 38. Be3 a4 39. Kb2 e5 40. Bd2 g4 41. Be3 Rd8 42.
Bf1 Be6 43. Be2 g3 44. Ka3 g2 45. Kxa4 Rd2 46. Bb5 Rxa2+ 47. Kb4 Ra1 {Oppgitt}
0-1

[Event "Klubbmesterskapet 2012 (A)"]
[Site "Ås, Akershus NOR"]
[Date "2012.03.01"]
[Round "5"]
[White "Lange, Holger"]
[Black "Bakken, Svein-Erik"]
[Result "1-0"]
[WhiteElo "1660"]
[BlackElo "1434"]
[PlyCount "51"]

1. e4 c5 2. Nf3 Nc6 3. d4 cxd4 4. Nxd4 a6 5. c4 Qc7 6. Nc3 e6 7. Be3 Nf6 8. Be2
Be7 9. O-O O-O 10. Rc1 d6 11. Nb3 Bd7 12. f3 Ne5 13. Nd2 Rac8 14. Qe1 Qb8 15.
Qf2 Nc6 16. Rfd1 Ne8 17. Nb3 f5 18. exf5 exf5 19. Nd5 Bf6 20. Bf1 Ne5 21. Nd4
b5 22. cxb5 Rxc1 23. Rxc1 axb5 24. Qc2 g6 25. Qb3 Ng7 $4 26. Nxf6+ {Oppgitt}
1-0

[Event "Klubbmesterskapet 2012 (A)"]
[Site "Ås, Akershus NOR"]
[Date "2012.03.01"]
[Round "5"]
[White "Snellingen, Jørn"]
[Black "Furnes, Torstein"]
[Result "0-1"]
[WhiteElo "1828"]
[BlackElo "1585"]
[PlyCount "82"]

1. d4 d5 2. c4 e6 3. Nc3 Nf6 4. cxd5 exd5 5. Bg5 Be7 6. e3 O-O 7. Qc2 c6 8. Bd3
Nbd7 9. Nf3 Re8 10. O-O Nf8 11. a3 Ng6 12. b4 Ng4 {En nyhet som ikke er
tidligere spilt i de databasene jeg har undersøkt. Partiet Dolmatov (2565) -
Arshak Petrosian (2480), Yerevan 1988, fortsatte:} (12... Bd6 13. Rfe1 Bg4 14.
Nh4 Bd7 15. Kh1 Be7 16. Nf5 Bxf5 17. Bxf5 Ne4 18. Bxe7 Qxe7 19. f3 Nxc3 20.
Qxc3 {og partiet endte remis etter 30 trekk.}) 13. Bxe7 Rxe7 14. Rfc1 Qd6 15.
h3 Nf6 16. b5 Bd7 17. a4 Rae8 18. Bxg6 hxg6 19. Ne5 Bf5 20. Qb3 c5 21. Qa3 Qc7
22. g4 Bc8 ({Førstevalget til Fritz er Le4, men jeg spilte det ikke fordi jeg
var redd for f3. Men ifølge Fritz ville f3 være en stor feil av hvit:} 22...
Be4 23. f3 $2 Bxf3 $1 24. Nxf3 $4 Qg3+ {og svart får mattangrep.} 25. Kh1 Qxf3+
26. Kg1 Qg3+ 27. Kf1 Rxe3 28. Ne2 Rf3+ 29. Qxf3 Qxf3+ 30. Kg1 Rxe2 31. dxc5
Qg2#) 23. f4 (23. g5 $6 {
ville gitt svart farlige angrepssjanser. Hovedvarianten til Fritz er} Rxe5 $1
24. dxe5 Qxe5 25. gxf6 Qg5+ 26. Kf1 Bxh3+ 27. Ke2 d4 28. Nd1 Qg1 29. Qxc5 Qf1+
30. Kd2 dxe3+ 31. fxe3 Qg2+ 32. Kd3 Bf5+ 33. Kc3 Rc8 34. Qxc8+ Bxc8 35. fxg7
Bf5 {og Fritz mener at svart har en fordel på -2.5}) 23... Be6 24. dxc5 Bxg4 $2
{Dette offeret er nok ikke korrekt, men begge spillerne er i ferd med å få
kraftig tidsnød, og da kan slike ofre av og til gi motsjanser.} 25. Nxg4 (25.
hxg4 {kunne gitt svart brukbart motspill etter} Rxe5 $1 26. fxe5 Rxe5 27. b6
axb6 28. Nb5 Qc8 29. Ra2 Qxg4+ 30. Rg2 Qh4 31. Qb2 Rh5 32. Rh2 Qg3+ 33. Kh1 Ne4
34. Rxh5 gxh5 35. Qg2 Qxe3 {og Fritz mener at svart står litt bedre (-0.5)})
25... Nxg4 (25... Qd7 {er nok litt bedre.}) 26. Nxd5 Qc8 27. Nxe7+ Rxe7 28. Re1
(28. hxg4 {ville gitt svart evig sjakk ifølge Fritz. F.eks.} Qxg4+ 29. Kf2 Qh4+
30. Ke2 Rd7 31. Rf1 Qh2+ 32. Rf2 Qh5+) (28. c6 {er best ifølge Fritz.} Rxe3 29.
Rc3) 28... Nf6 29. c6 Qxh3 30. Ra2 (30. Re2 {er best ifølge Fritz.}) (30. Qxe7
$2 {går selvsagt ikke fordi svart får evigsjakk} Qg3+) 30... Qg3+ 31. Kf1 Ng4
$6 ({Fritz mener at svart bør spille} 31... Qh3+ 32. Ke2 Re8) 32. e4 $2 {
Tapstrekket (i kraftig tidsnød). Fritz mener at hvit vinner etter} (32. Rg2
Qf3+ 33. Kg1 Rxe3 34. Rf1 Qe4 35. Qc5 bxc6 36. Rxg4) 32... Nh2+ 33. Rxh2 (33.
Ke2 {gir svart mattangrep etter} Rxe4+ 34. Kd2 Qxe1+ 35. Kc2 Rc4+ 36. Kd3 Qe4+
37. Kd2 Nf1+ 38. Kd1 Rd4+ 39. Kc1 Qe1+ 40. Kb2 Qe2+ 41. Kb1 Nd2+ 42. Rxd2 Rxd2
43. Qc1 Qe4+ 44. Ka1 Qxa4+ 45. Kb1 Qa2#) 33... Qxa3 34. cxb7 Rxb7 35. Ree2 Qxa4
36. Rd2 Qxb5+ 37. Ke1 Rb8 38. e5 Qb1+ 39. Kf2 Rb2 40. Ke3 Rxd2 41. Rxd2 a5 0-1